[Event "6th San Cristobal Open A"]
[Site "Tenerife"]
[Date "2024.08.31"]
[Round "9.2"]
[White "Fiorito, Francisco"]
[Black "Ivanov, Mike"]
[Result "1/2-1/2"]
[Annotator "Mike Ivanov"]
[WhiteElo "2416"]
[BlackElo "2364"]
[WhiteFideId "-1"]
[BlackFideId "-1"]
[PlyCount "83"]
[GameId "2263746689837902"]
[EventDate "2024.??.??"]
[EventType "swiss"]
[EventRounds "9"]
[EventCountry "ESP"]
[SourceTitle "Chess Canada 25"]
[Source "JohnUpper?CFC"]
[SourceDate "2025.06.29"]
[SourceVersion "1"]
[SourceVersionDate "2026.07.01"]
[SourceQuality "1"]

{Going into the last round, I was happy with how things went, but the last game would be significant for the final standings. My goal was not to lose, and hopefully leave early enough that I could make my flight at 4 PM.} 1. Nf3 {My opponent played everything under the sun (which is becoming increasingly common these days) so my preparation was simple: 1.f3 f6, 1.d4 f6, 1.e4 e6, and 1.c4 e5.} Nf6 2. g3 b6 3. Bg2 Bb7 4. c4 g6 5. d4 Bg7 {[#] Thankfully these double-fianchetto setups are good against any g3 opening, along with anything that doesn't aim strictly for the center.} 6. O-O O-O 7. h4 $5 {I don't know if this was preparation, improvisation, or divine inspiration. The little logic behind it which I understand, is white wants to discourage black from moving the f6 knight. If the pawn gets to h6, then the power of my g7 bishop will be cancelled out. That being said, it has more surprise value than any objective edge.} c5 8. d5 {[#]} e6 $2 {I miss the critical moment to challenge white's concept and show that h4 is a waste of time. After ...b5! this would have been a totally different ballgame. Interestingly, I felt that ...b5 was principled and correct, but thought that it would be the first thing he prepared, and a structure I didn't understand. The Benoni is more my cup of tea, but here it turns out to be a bad one, since the b7 bishop has a hard time.} (8... b5 $1 9. cxb5 (9. Nc3 b4 10. Na4 d6) (9. Nfd2 b4 10. a3 a5) (9. Re1 bxc4 10. e4 d6) 9... a6 $1 10. bxa6 Bxd5 $36) 9. Nc3 exd5 10. cxd5 Re8 11. Nd2 d6 {[#]} 12. Nde4 (12. Nc4 Ba6 {what I was hoping for, when we get something resembling a Fianchetto Benoni.}) 12... Nxe4 13. Nxe4 {[#] Really unpleasant since white suddenly has dreams of f4/g5, and my dark squares are suffering. The b8 knight isn't enjoying himself either.} Na6 (13... f5 14. Ng5 Na6 15. e4 fxe4 16. Nxe4 Nb4 17. Ng5 {Still highly unpleasant for black.}) 14. Bg5 f6 {Around here, I knew it was going to be a tough game.} 15. Bf4 Bf8 16. Nc3 Nc7 17. a4 a6 {[#]} 18. Qd3 (18. Qb3 $1 {Basically wins a pawn by force, with insufficient compensation.} Rb8 19. Qxb6 Ba8 20. Qa5 Rxb2 21. Rab1 Rc2 22. Rfc1 Rxc1+ 23. Rxc1 $16 {White doesn't have the extra pawn, but he's definitely in the driver's seat here.}) 18... Qd7 (18... b5 $5 {For some reason, when a queen tries to stop ...b5 in the Benoni, you're always supposed to play it anyway, without caring for material. I forgot this rule.} 19. h5 (19. axb5 axb5 20. Rxa8 Qxa8 21. Nxb5 $6 Nxb5 22. Qxb5 Ba6 23. Qb3 Bxe2 $11) 19... b4 20. hxg6 bxc3 21. gxh7+ Kh8 22. bxc3 Re7 {isn't pleasant for Black, but white has to prove they have more than enough for the piece.}) 19. h5 Qf7 20. hxg6 hxg6 21. e4 Bc8 {[#] We've arrived at an interesting middlegame. My pieces are all ugly, but the structure is solid and white has nothing concrete.} 22. Rfb1 a5 $1 {Exclamation mark for necessity. We can't allow them to open up files at the moment, plus the bishop on c8 will be happy to come out anywhere at this point.} 23. Re1 Rb8 24. Bf1 $6 {[#]} Bd7 (24... Ba6 $1 {I talked myself out of this just because white played f1 to stop it, but sometimes the best moves are the ones they thought they stopped.} 25. Qf3 Bxf1 26. Kxf1 b5 $132 27. axb5 Nxb5 28. Rxa5 Nd4 {With full compensation for black.}) 25. Qc2 Qh7 (25... g5 $5 {This structure looked too weird to even consider, but is apprently the most promising. The pawns cover the dark squares, the d7 bishop covers the light squares, and the f8 bishop covers... the king.} 26. Bd2 Re7 27. Bg2 Qg6 28. f4 gxf4 29. Bxf4 Rh7 $13) 26. f3 Kg7 $2 {[#] A bit too caveman-like, breaking all coordination between the black pieces. The h-file was too tempting!} 27. Qd2 $6 (27. g4 $1 Be7 28. Re2 Rh8 29. Rh2 Qg8 30. Bc4 $16 {The right plan to cancel out my "attack"}) 27... g5 {Finally hitting the right plan. Quite a unique pawn structure.} 28. Be3 Be7 29. g4 Rh8 30. Qg2 {[#] White stopped the mate but their queen is tied down. This gives me enough time to consolidate.} Qg6 $6 31. Bf2 Rh6 32. Bg3 Rbh8 33. Bd3 Bc8 {[#] I'm not going to get ...b5 in anytime soon, so might as well fix the miserable knight.} 34. Kf2 $6 {The start of a wrong plan. White had to use the weak squares in my camp!} (34. Nd1 $1 Kf7 35. Ne3 Na6 36. Rad1 Nb4 37. Bb5 Qh7 38. Kf2 $16 {The knight on e3 is superb, the rooks are ready to be traded at the right moment, and Nc4 is a looming threat.}) 34... Na6 35. Rad1 Nb4 {[#]} 36. Bb1 $6 {The bishop looks scary but does nothing.} (36. Bc4 Nc2 37. Rh1 Nd4 {Surprisingly, the knight isn't that strong here and can easily be exchanged with b5, leaving White with the edge.} 38. Rxh6 Rxh6 39. Nb5 Nxb5 40. Bxb5 $14) 36... Qe8 37. Nb5 Qd8 38. Rh1 Ba6 {[#]} 39. Rxh6 ({Perhaps White's last chance to cause problems is} 39. f4 $1 gxf4 40. Bxf4 Rh4 41. Qf3 Bxb5 42. axb5 Qe8 43. Rxh4 Rxh4 44. Rg1 {Black is suffering due to their weak pawns and weak king.}) 39... Rxh6 40. Rh1 {After a depressing defence the whole game and a whole lot of second-guessing, I was more than happy to liquidate.} Rxh1 41. Qxh1 Bxb5 42. axb5 {Here Francisco offered me a draw which I gladly took.  After ...d7, Black is indeed fine as there aren't many breakthroughs. Pushing f4 is weaker without the rooks on.   He was sad that he didn't convert a clear edge, but had a tremendous tournament anyways, earning an IM norm. As for me, I was happy to finish the best tournament of my life without losing. Sometimes, that requires holding ugly positions, as this game showed.} ({editor - despite appearances, Black's game actually hangs by a thread, since e4-e5 exposes his kingide light squares: e.g.} 42. axb5 {[#]} Qd7 $2 (42... Qh8 $2 43. Qxh8+ Kxh8 44. f4 $18) (42... Qe8 43. e5 $18) (42... a4 $8 {says Stockfish, which took a long time for me to (maybe) understand. Currently the e5 and f5 breaks will fail for tactical reasons now or when the black  sits on d7 (eyeing d5, g4, and b5), but putting it there immediately fails because one defence depends on blocking the b1-h7 by taking on b5 with the  and then going ...d3 and then ...c4, but this blocking maneuver fails if there's a white pawn on b3 fighting for c4. So, Black has to fight for future control of h7 by playing ...a3 immediately.}) (42... c4 $143 {is similar to ...a4, but creates easier targets on c4 and b6.} 43. Qc1 {and target c4.}) 43. b3 $3 $16 (43. e5 $5 dxe5 $8 44. Qh7+ Kf8 45. Bg6 Qxd5 $8 $11 {shows one point of keeping the  hitting the d5 pawn.}) 43... Qxb5 $4 (43... Qd8 44. f4 $1 $16 {not winning, but close: the b1 fights for the kingside while dominating the b4.}) 44. e5 $1 $18 Nd3+ 45. Ke3 {Here's where Black needs ...c4 to keep the diagonal shut, but that brave b3 pawn stops that.} Nxe5 46. Qh7+ Kf8 47. Bxe5 fxe5 (47... Qxb3+ 48. Kf2 $18) 48. Qf5+ Ke8 49. Qc8+ Kf7 50. Bh7 $18) 1/2-1/2

[Event "Winnipeg op U1800"]
[Site "Winnipeg CAN"]
[Date "2025.01.04"]
[Round "3.13"]
[White "Hansima, Charitha"]
[Black "Minano, John"]
[Result "0-1"]
[Annotator "John Upper"]
[WhiteElo "1788"]
[BlackElo "1633"]
[WhiteFideId "-1"]
[BlackFideId "-1"]
[PlyCount "58"]
[Beauty "8248757069348"]
[GameId "2140241293503869"]
[EventDate "2025.01.03"]
[EventType "swiss"]
[EventRounds "5"]
[EventCountry "CAN"]
[SourceTitle "Chess Canada 25"]
[Source "JohnUpper?CFC"]
[SourceDate "2025.06.29"]
[SourceVersion "1"]
[SourceVersionDate "2026.07.01"]
[SourceQuality "1"]

{The U1800 section of the Winnipeg Open was shared by John Minano and Zelus Hui with 4.5/5, each gaining over 100 rating points in the process. This following complex game was played by co-winner Minano.} 1. c4 f5 2. g3 Nf6 3. Bg2 e6 4. Nf3 Be7 5. Nc3 O-O 6. d3 d6 7. O-O Qe8 8. b3 Qh5 9. Re1 e5 10. e3 {[#] White plays a Reti, Black plays a Classical Dutch with its standard kingside attacking queen maneuver.} e4 {The most direct: removing a kingside guard.} 11. dxe4 $6 (11. Nd4 $142 {Keeps the f-file closed -- a good thing since the f1 moved -- and leaves a black pawn on f5, blocking the c8 access to White's kingside.}) 11... fxe4 12. Nd4 {[#]Critical Position  ...g4 or ...g4?} Ng4 $2 {Forks h2 and f2, but the pin to the h5 means Black will be forced to sac unsoundly.} (12... Bg4 $142 13. Qc2 Na6 (13... Bf3 14. Nxe4 $1 $16 Nxe4 $2 (14... Bxg2 $16) 15. Bxf3 Rxf3 16. Qxe4 $8 Rf7 17. Qxb7 $18) 14. Nxe4 $1 c5 $1 15. f3 $1 $14 (15. Ne2 $4 Nb4 $19) (15. Nb5 $6 Nb4 16. Qd2 d5 $13) 15... cxd4 16. fxg4 (16. Nxf6+ Bxf6 $8 17. fxg4 Nb4 $1 $132) 16... Nxg4 17. h3 $8 Nxe3 18. Bxe3 dxe3 19. Rxe3 $14 {and after all the exchanges White has better structure.}) 13. h3 $8 Rxf2 $1 {[#]} 14. hxg4 $4 (14. Nxe4 $142 $1 $18 {attacks f3, defends g3, leaves the g4 en prise and pinned, and wins a pawn that was supporting Black's attack.} Rxg2+ 15. Kxg2 $18 Nxe3+ 16. Bxe3 $8 Qxh3+ 17. Kg1 $18 {the e4 defends g3 and White's  will clear the danger before Black's sleeping queenside wakes.}) (14. Nde2 $1 {looks odd to break the pin to the h5, but it leaves the black pieces hanging, and adds the exchanging threat of d5+, and wins too.}) 14... Rxg2+ $1 15. Kxg2 Bxg4 $8 $19 {Black has a winning light-square attack. Reminder: the f8 and c8 only got into the game because White forced ...fxe4, opening a file and a diagonal.} 16. Nce2 $1 {Defending the  and g3 is the best try. [#] Critical Position Is it easier to attack than defend? Black is down a  for , but his last two moves created a huge initiative on the light squares. Now what?} (16. Qc2 $2 {drops g3 and Black crashes through:} Qh3+ $8 $19) 16... Nc6 $2 {This makes perfect sense: developing the , and freeing the  to come to the f-file, and doing it with the threat to take on d4; how could there be a better move?} (16... Bf3+ $2 17. Nxf3 $8 exf3+ $8 18. Kf2 fxe2 19. Qd5+ $1 $14) (16... Qh3+ $5 17. Kg1 {Black wants to go ...f3 and mate, but it doesn't work with the d4 defending f3, e.g.} c5 {is the most direct way to remove the guard of f3, but it only equalizes if White finds a neat deflection-for-counterplay sac:} (17... Bf3 $2 18. Nxf3 exf3 19. Qd5+ $8 $18 {and takes the f-pawn.}) 18. Nf5 $8 Bf3 $8 (18... Bxf5 $2 19. Qd5+ Kh8 (19... Kf8 20. Rf1 $18) 20. Qxb7 $8 $18) 19. Qd5+ $8 Kh8 20. Nf4 $8 Qh1+ 21. Kf2 Qh2+ 22. Kf1 $11) (16... c5 $6 17. Rh1 $8 $13 Bf3+ (17... Qg5 $36) 18. Nxf3 exf3+ 19. Kf2 fxe2 20. Qd5+ $8 Qxd5 21. cxd5 Bf6 22. Rb1 Nd7 $11) (16... Bf6 $8 $19 {Analysis Diagram [#]  It's hard to imagine this is winning, especially when the more blunt ...c5 was only about equal, but it's true. Black threatens to remove the guard of f3, and if White deals with the threat to the a1 then Black simply captures d4 and has time to reload his attack with the b8 and a8.} 17. Bb2 (17. Rh1 Bf3+ $8 $19 18. Nxf3 exf3+ $8 19. Kf2 fxe2 $8 $19 {the difference: after ...c5 White saves the game with d5+, but here that would leave the a1 hanging.}) (17. Qc2 Bf3+ $19) (17. Nf4 Bxd1 18. Nxh5 Bxh5 $19) (17. Rb1 {is too slow} Bxd4 {removes the last guard of f3 and Black has time for reinforcements.} ({or} 17... Qh3+ {and building with ...c6 and ...f8.}) 18. exd4 Nc6 19. Bf4 {and here several moves win (...h3+, ...f8), but the computer shows the best is:} e3 $3 $19) 17... Bxd4 $8 $19 (17... Bf3+ $2 18. Nxf3 exf3+ 19. Kf2 fxe2 20. Qxe2 $11) (17... c5 $2 18. Rh1 Bf3+ $2 (18... Qg5 $1 $13 19. Ne6 $1) 19. Nxf3 Qxf3+ 20. Kh2 Bxb2 21. Rb1 $18 {Black is up  for the exchange, but is about to get ripped apart.}) 18. exd4 {tries to create an escape route through e3,} (18. Qxd4 {unpinning and threatening mate on g7, but} Bf3+ $19 {mates first.}) 18... Nc6 {here comes the .} 19. Rh1 Bf3+ 20. Kf2 e3+ $1 $19 {or ...xh1 and if xh1 e3+.}) 17. Rh1 $8 Bf3+ 18. Nxf3 $8 {[#]} Qxf3+ $2 (18... exf3+ $8 $15 19. Kf2 fxe2 20. Qd5+ $8 Qxd5 21. cxd5 Nb4 {Threat: ...e1= then ...c2.} 22. Kxe2 {A complicated ending: Black is objectively a bit better, but the better player will win.}) 19. Kh2 $18 {[#]} Ne5 (19... Rf8 20. Nf4 $8 $18) (19... Qf2+ 20. Kh3 {and there's no perpetual:} Qf5+ 21. g4 Qf3+ 22. Ng3 $18) 20. Qf1 $2 $14 (20. Rf1 $142 $8 $18 Ng4+ (20... Qh5+ 21. Kg2 $18) 21. Kg1 $8 (21. Kh3 Nf2+ $14) 21... Nxe3 22. Rxf3 Nxd1 23. Rf1 $18 {up a .}) 20... Qg4 (20... Qh5+ $1 21. Kg2 Qf3+ $8 $13) 21. Nd4 $2 {[#]} (21. Nf4 $142 Rf8 22. Kg2 g5 23. Qd1 $1 $16) 21... Rf8 $15 (21... c5 $8 $19 22. Qf5 (22. Nf5 Nf3+ $19) 22... cxd4 {the e5 defends the g4.}) 22. Qh3 $8 Nf3+ (22... c5 23. Qxg4 $8 Nxg4+ 24. Kh3 (24. Kg2 $4 cxd4 25. exd4 Rf2+ 26. Kg1 Bf6 $19) 24... Nf2+ $15) 23. Nxf3 Qxf3 $11 {[#]Critical Position} 24. Rg1 $4 {White has only two moves to draw.} ({the simple one:} 24. Qg2 Qh5+ 25. Kg1 Qd1+ 26. Kh2 Qh5+ $11) ({the not-so-simple one:} 24. Qe6+ Rf7 $8 $11 25. Rg1 Qh5+ $8 26. Qh3 $5 Rf2+ $8 27. Rg2 Rxg2+ $8 28. Kxg2 Qe2+ $8 $11) 24... Rf6 $8 $19 25. Qc8+ Kf7 26. Rg2 Rh6+ 27. Kg1 Qd1+ 28. Kf2 Rf6+ 29. Qf5 Rxf5# 0-1

[Event "15th Calgary International"]
[Site "Calgary"]
[Date "2024.12.27"]
[Round "2.3"]
[White "Ng, Gary"]
[Black "Keleberda, Tymur"]
[Result "0-1"]
[Annotator "John Upper"]
[WhiteElo "2362"]
[BlackElo "2388"]
[WhiteFideId "-1"]
[BlackFideId "-1"]
[PlyCount "66"]
[Beauty "8177911127050"]
[GameId "2259114190477436"]
[EventDate "2024.12.26"]
[EventType "swiss"]
[EventRounds "9"]
[EventCountry "CAN"]
[SourceTitle "Chess Canada 25"]
[Source "JohnUpper?CFC"]
[SourceDate "2025.06.29"]
[SourceVersion "1"]
[SourceVersionDate "2026.07.01"]
[SourceQuality "1"]

{Tymur Keleberda became Canada's newest International Master when FIDE approved his application in April 2, 2026.  He earned his IM Norms at: 2023 10-player RR at the Excelsior CC, Toronto, 2024 North American Jr, Calgary, (=2nd),  2025 Maia Open, Portugal.   His peak published FIDE rating is below the minimum 2400, but he passed this (then dropped) during the 2025 Spice Cup.  He finished this tournament =2nd-4th -- +4 =4 -1 -- a point behind GM Razvan Preotu, who won with 7/9.} 1. c4 c5 2. Nf3 Nf6 3. Nc3 Nc6 4. d4 cxd4 5. Nxd4 d5 {[#] More usual and better-scoring are ...e6, ...g6 and even ...b6. The game line is rare since White gets easy play on the c-file, but there are computer-approved pawn sacs for Black to liven it up (see the next note and note to Black's 8th).} 6. cxd5 ({A year later, Tymur faced a GM opponent who produced a model of how to play for the win against Black's weakened c-file, playing the computer's top moves until he had a winning position...} 6. Qa4 Qb6 (6... e6 $5 {is a pawn sac that SF18 prefers.}) 7. cxd5 Qxd4 8. dxc6 Qxa4 9. Nxa4 (9. cxb7 $4 Qc6 $19) 9... bxc6 10. f3 $1 e5 11. e4 Be6 12. Be3 Bb4+ 13. Kf2 Ke7 14. Ba6 $1 Bc8 $1 15. Be2 $1 $16 Be6 16. Rhc1 Rhc8 17. a3 Bd6 18. Rc3 Ne8 19. Rac1 $18 {1-0 Zhou,J (2591)-Keleberda,T (2370) Bellevue SPICE Cup op 19th 2025 (7)}) 6... Nxd5 7. Nxc6 bxc6 {[#]} 8. Qa4 (8. e4 Nxc3 9. Qxd8+ Kxd8 10. bxc3 e5 $11) (8. Bd2 {is more common} e5 $1 (8... e6 9. e4 Nb6 10. Be3 Qxd1+ 11. Kxd1 $1 {so Black can't tie White down with ...b4 and ...a4.} e5 12. Kc2 Be7 13. Be2 O-O 14. Rhd1 $14 {1-0 Botvinnik,M-Flohr,S Match/Training Botvinnik-Flohr Moscow 1952}) 9. g3 ({Even Ulf Andersson couldn't make anything out of this after} 9. e4 Nf6 10. Be2 Bc5 11. O-O O-O 12. Qc2 Bd4 $1 $11 13. Rac1 Be6 14. b3 Nd7 15. Na4 Qh4 16. Bf3 c5 17. Be3 Bxe3 18. fxe3 Rfc8 19. Nc3 Nf6 20. Qf2 Qg5 21. Rfd1 {1/2 Andersson,U (2640)-Marzolo,C (2378) FRA-chT France 2001 (9.3)}) 9... Rb8 10. Na4 Bb4 $11 11. a3 Bxd2+ 12. Qxd2 Nb6 13. Qxd8+ Kxd8 14. O-O-O+ Ke7 15. Nc5 Nd7 $11 {0-1 Matlakov,M (2608)-Mamedov,R (2659) FIDE Grand Swiss Samarkand 2025 (8)}) 8... Bd7 (8... Nxc3 $5 {is a SF18-approved sac, which would have been a Novelty when this game was played.} 9. Qxc6+ Bd7 10. Qxc3 Rc8 {Analysis Diagram [#] A pawn sac line to take White out of his positional-squeeze comfort zone!?} 11. Qd3 (11. Qd4 e5 $3 12. Qxe5+ Be7 $15 {Enginges rate this as already better for Black, despite being two pawns down -- arguably an ideal result against someone who opts for a line that normally heads for pre-programmed maneuvering.}) 11... e5 (11... Qb6 $142 $1 {hits b2, supports b5, maybe swings to f6, and keeps the long diagonal open so ...g7 can pressure White's queenside.}) (11... g5 $5 $44 {is a SF suggestion, so it's not quite as insane as it looks.}) 12. Bd2 Qb6 13. Qb3 $1 Qxb3 $6 14. axb3 Bc5 15. e3 $14 {1-0 Johansen,D (2321)-Leaver,K (2070) Oceania zt 3.6 Melbourne 2025 (4)}) 9. Bd2 e6 10. e4 Nb6 {[#]} 11. Qc2 (11. Qa5 $5 {is more active, and the structure means White should be happy with  trades.}) 11... Bc5 12. Bd3 e5 13. O-O Qe7 14. Ne2 O-O 15. Rac1 Bd6 16. Be3 Rac8 {[#]} 17. a4 $5 Rb8 18. a5 Nc8 19. Nc3 Qd8 20. Ra1 Re8 $6 21. Rfd1 {[#] Black's position is uncomfortable -- less space and no clear plan -- so he aims for kingside activity. The computer doesn't like it, but it's choice among evils.} Re6 $5 22. Na4 Rg6 {[#]} 23. Bf1 (23. Bc5 $6 Bg4 24. Be2 Bxe2 25. Qxe2 Qxa5 $5 $132 (25... Qg5 $5 $132)) (23. Nc5 $1 Bg4 24. Rd2 $1 $16 Bf3 $6 25. Bf1 $18) 23... Bg4 24. Rdc1 Bb4 25. a6 Qe7 26. Nc5 Nd6 {[#]} 27. Kh1 $1 (27. Nd3 $1 {forces exchanges that weaken Black's queenside:} Nxe4 28. Nxb4 (28. Ra4 $1) 28... Rxb4 29. Ra4 $1 {A strong move that's easy to overlook.} Rxa4 (29... Bf5 30. Rxb4 Qxb4 31. Bxa7 $18) 30. Qxa4 {forking e4 and c6} Bf3 31. Rxc6 $18 {material is still equal, but Black's pieces are too uncoordinated to survive.}) 27... Nb5 28. Bxb5 $6 {Prevents ...d4, but White will miss this light-square defender.} (28. Ra4 $142 Nd4 29. Bxd4 exd4 30. Qb3 $8 $18 {only move to keep an advantage, but good enough to win the pinned b4.}) 28... Rxb5 $6 (28... cxb5 $142 29. Nd3 Bd6 30. f3 $16) 29. Nd3 Qh4 $5 {Black goes all in. [#] Critical Position White has hopes of taking a7 and promoting the a-pawn, but Black's pieces hover menacingly on the kingside...} 30. Nxb4 $4 (30. g3 $4 {is obviously bad:} Bf3+ 31. Kg1 Qh3 {White's  covers h6, so ...xh2+ doesn't work.} 32. Ne1 Bxe1 $19 {mates next.}) (30. Bxa7 $2 Rh6 {or ...h3 first} 31. h3 Bf3 $1 32. Kh2 Qg4 $1 33. Rg1 Bxg2 $19 {#2}) (30. Rg1 $5 {defends the light squares without moving any pawns.} Ba5 $1 {Analysis Diagram [#] The  goes to b6 where it defends a7 and attacks e3.} 31. f3 $5 {the most forcing.} (31. Bxa7 $4 Rh6 32. h3 Bxh3 $19) (31. Rxa5 $5 Rxa5 32. Qc3 $14) 31... Bb6 $8 32. Bf2 $1 (32. Bxb6 $2 Rh6 $8 33. h3 Bxh3 $8 (33... Bxf3 $2 34. Kh2 $8 Rxb6 $11) 34. Rgc1 Rxb6 $19) 32... Bxf2 33. Qxf2 Qxf2 34. Nxf2 Be6 $11) (30. f3 $8 $18 {Activates the  for lateral defence, and gains a tempo on the g4. Black has nothing against xa7 and the advance of the a-pawn.} Bxf3 (30... Be6 31. Nxb4 Rxb4 32. Bxa7 $18 {White's a-pawn wins.} Rh6 33. Bg1 $18) 31. gxf3 Qh3 32. Qf2 $18) 30... Bf3 $8 $19 {Suddenly White is busted.} 31. Kg1 (31. Qxc6 Bxg2+ $8 $19) (31. gxf3 Qh3 32. Rg1 Qxf3+ {is the basic mating pattern behind ...f3.}) 31... Rxg2+ 32. Kf1 Rg1+ $1 33. Kxg1 Qh3 $8 0-1